000 00847nam a22001577a 4500
003 OSt
005 20151004105334.0
008 151004b xxu||||| |||| 00| 0 eng d
040 _cRUA
082 _aAGR LY 2001 B026 Or.1
100 _92001
_aLY, SOPHALRITH
245 _aAssessment of farmer's adoption of principles and techiques of ecological system of rice intensification case study in tramkok, takeo, ការវាយតំលៃនូវការទទួលយករបស់កសិករនូវប្រព័ន្ធប្រពលវប្បកម្មដំណាំស្រូវតាមគោលការណ៍ធម្មជាតិករណីសិក្សាស្រុកត្រាំកក់ ខេត្តតាកែវ
260 _aPhnom Penh
_bRUA
_c2001
300 _a33p.
_bill.
_c29cm.
942 _2ddc
_cAGR
999 _c1892
_d1892